| 000 | 00396cam a2200169ua 4500 | ||
|---|---|---|---|
| 020 | _cRs. 2.00 | ||
| 041 |
_aeng _h |
||
| 082 |
_a930 _bSUL/PR |
||
| 100 | _aSullivan, Navin . | ||
| 245 | _aProgress in the modern world | ||
| 260 |
_aLondon : _bGeorge G. harrap and Co Ltd , _c1965. |
||
| 300 | _a108 ; . | ||
| 365 | _aRs. 2.00 | ||
| 504 | _a | ||
| 942 | _cBK | ||
| 999 |
_c1235 _d1235 |
||